[Event "EU-ch U10"]
[Site "Bratislava"]
[Date "2019.08.04"]
[Round "3"]
[White "Osadchy, Andrey K"]
[Black "Ahmadzada, Huseyn"]
[Result "1-0"]
[WhiteElo "1124"]
[BlackElo "1475"]
[PlyCount "121"]
[EventDate "2019.08.02"]
[EventType "swiss"]
[EventRounds "9"]
[EventCountry "SVK"]
[SourceTitle "EXT 2020"]
[Source "ChessBase"]
[SourceDate "2019.10.17"]
[SourceVersion "1"]
[SourceVersionDate "2019.10.17"]
[SourceQuality "1"]

1. e4 c6 2. d4 d5 3. exd5 cxd5 4. Bd3 Nc6 5. c3 Nf6 6. h3 h6 7. Nf3 e6 8. Bf4 Bd6 9. Bxd6 Qxd6 10. Qe2 Nh5 11. g3 Nf6 12. Nbd2 Bd7 13. Ne5 Rf8 14. a4 0-0-0 15. b4 Kb8 16. a5 Rc8 17. 0-0 g6 18. Rfc1 Nh5 19. Nxd7+ Qxd7 20. Kg2 f5 21. Nb3 Qf7 22. f3 Qf6 23. Nc5 Rfd8 24. Qxe6 Qg5 25. Qe1 Re8 26. Qf2 Re3 27. h4 Qe7 28. Re1 Re8 29. Rxe3 Qxe3 30. Qxe3 Rxe3 31. Kf2 Re7 32. Bc2 Kc7 33. Ra2 Nd8 34. Bd3 Nf7 35. Re2 Rxe2+ 36. Bxe2 Nd6 37. Ne6+ Kc6 38. Nf8 g5 39. Ng6 gxh4 40. Nxh4 f4 41. g4 Ng7 42. Ng6 Nf7 43. Nxf4 Ng5 44. Bd3 N7e6 45. Nxe6 Nxe6 46. Be2 Ng5 47. Ke3 Kd6 48. f4 Ne4 49. c4 Nf6 50. c5+ Kd7 51. b5 Ne4 52. Bf3 Nc3 53. b6 axb6 54. axb6 Ke6 55. Kd3 Na2 56. f5+ Kf6 57. Bxd5 Nb4+ 58. Kc4 Nxd5 59. Kxd5 Kg5 60. c6 bxc6+ 61. Kxc6 1-0